[Event "PRO League Group Stage"]
[Site "chess.com INT"]
[Date "2020.02.05"]
[Round "5"]
[White "Solak, Dragan"]
[Black "Martirosyan, Haik M."]
[Result "0-1"]
[WhiteTitle "GM"]
[BlackTitle "GM"]
[WhiteElo "2594"]
[BlackElo "2613"]
[WhiteTeam "Turkey Knights"]
[BlackTeam "Armenia Eagles"]
[WhiteFideId "916811"]
[BlackFideId "13306553"]
[EventDate "2020.01.06"]

1. e4 e5 2. Nf3 Nc6 3. Bb5 Nf6 4. Bxc6 dxc6 5. Nc3 Bg4 6. h3 Bxf3 7. Qxf3 Nd7 8.
d3 f6 9. Be3 Nc5 10. Rd1 Ne6 11. Ne2 c5 12. Qh5+ g6 13. Qg4 Qd7 14. f4 Bd6 15.
f5 gxf5 16. Qxf5 O-O-O 17. O-O Be7 18. Nc3 c6 19. Ne2 Rdg8 20. b3 Rg6 21. Rf2
Kb8 22. Rdf1 Qd6 23. Kh1 Rhg8 24. a4 Bf8 25. Qh5 Qe7 26. Ng1 Qg7 27. Qe2 Bd6 28.
Nf3 Nf4 29. Bxf4 exf4 30. Nh4 Rg3 31. Rf3 Be5 32. Rxg3 Qxg3 33. Nf3 a5 34. Qf2
Qxf2 35. Rxf2 Kc7 36. Rf1 b5 37. Nxe5 fxe5 38. Ra1 Kb6 39. Kg1 c4 40. bxc4 bxc4
41. dxc4 Kc5 42. Kf2 Kxc4 43. Rd1 Kb4 44. Rd6 c5 45. Rd5 Re8 46. Ke2 c4 47. Kd2
Rg8 48. Rb5+ Kxa4 49. Rxe5 Kb4 50. c3+ Ka4 51. Ke2 Rxg2+ 52. Kf3 Rg3+ 53. Kxf4
Rxc3 54. Rh5 Rc1 55. Rxh7 c3 56. Ke3 Kb3 57. Rb7+ Kc2 58. e5 Re1+ 59. Kd4 Kd2 0-1

[Event "PRO League Group Stage"]
[Site "chess.com INT"]
[Date "2020.02.05"]
[Round "5"]
[White "Dastan, Muhammed Batuhan"]
[Black "Sargsyan, Shant"]
[Result "0-1"]
[WhiteTitle "GM"]
[BlackTitle "GM"]
[WhiteElo "2572"]
[BlackElo "2601"]
[WhiteTeam "Turkey Knights"]
[BlackTeam "Armenia Eagles"]
[WhiteFideId "6300014"]
[BlackFideId "13306766"]
[EventDate "2020.01.06"]

1. d4 Nf6 2. c4 e6 3. Nf3 d5 4. Nc3 dxc4 5. e4 Bb4 6. Bxc4 Nxe4 7. O-O Nxc3 8.
bxc3 Bd6 9. Re1 O-O 10. Ne5 Nd7 11. Qg4 Nxe5 12. dxe5 f5 13. Qg3 Bc5 14. Bg5 Qe8
15. Rad1 Bd7 16. h4 Kh8 17. h5 h6 18. Bf4 Bc6 19. Bb3 Qxh5 20. Bxe6 g5 21. Bc1
Rad8 22. Rxd8 Rxd8 23. Bb3 f4 24. Qh3 Qxh3 25. gxh3 Rd3 26. Be6 Rxc3 27. Bf5
Rg3+ 28. Kf1 Bb5+ 29. Re2 f3 30. fxg3 Bxe2+ 31. Ke1 Bb5 0-1

[Event "PRO League Group Stage"]
[Site "chess.com INT"]
[Date "2020.02.05"]
[Round "5"]
[White "Movsesian, Sergei"]
[Black "Plenca, Jadranko"]
[Result "1-0"]
[WhiteTitle "GM"]
[BlackTitle "IM"]
[WhiteElo "2641"]
[BlackElo "2463"]
[WhiteTeam "Israel Counsellors"]
[BlackTeam "Croatia Bulldogs"]
[WhiteFideId "310204"]
[BlackFideId "14527146"]
[EventDate "2020.01.06"]

1. e4 e5 2. Nf3 Nc6 3. Bc4 Bc5 4. d3 Nf6 5. Nc3 O-O 6. a3 a6 7. b4 Be7 8. O-O d6
9. h3 Be6 10. Nd5 b5 11. Bb3 a5 12. Bd2 Qd7 13. c3 Ra6 14. a4 axb4 15. axb5 Rxa1
16. Qxa1 Nd8 17. c4 Nxd5 18. cxd5 Bxh3 19. gxh3 Qxh3 20. Qd1 f5 21. Nh2 Rf6 22.
Qf3 Qxf3 23. Nxf3 fxe4 24. Ne1 exd3 25. Nxd3 Rf3 26. Bc4 Nf7 27. Nxb4 Bg5 28.
Bxg5 Nxg5 29. Nc6 Kf8 30. Ra1 g6 31. Ra8+ Kg7 32. Ra7 Rf7 33. Nd8 1-0

[Event "PRO League Group Stage"]
[Site "chess.com INT"]
[Date "2020.02.05"]
[Round "5"]
[White "Rodshtein, Maxim"]
[Black "Tica, Sven"]
[Result "1-0"]
[WhiteTitle "GM"]
[BlackTitle "IM"]
[WhiteElo "2628"]
[BlackElo "2398"]
[WhiteTeam "Israel Counsellors"]
[BlackTeam "Croatia Bulldogs"]
[WhiteFideId "2806851"]
[BlackFideId "14526948"]
[EventDate "2020.01.06"]

1. Nf3 d5 2. g3 Nf6 3. Bg2 e6 4. O-O Be7 5. c4 O-O 6. d4 dxc4 7. Qc2 b5 8. a4 b4
9. Nfd2 Nd5 10. Nxc4 c5 11. dxc5 Ba6 12. Nbd2 Nd7 13. c6 Nc5 14. Nb3 Rc8 15.
Nxc5 Bxc5 16. Ne5 Qe7 17. Rd1 Rfd8 18. Be4 g6 19. Bh6 f6 20. Nd3 Rxc6 21. Nxc5
Rxc5 22. Qd2 Rcc8 23. Qe1 Bc4 24. Rac1 Bb3 25. Rxc8 Rxc8 26. Rc1 Rxc1 27. Qxc1
Bxa4 28. Qc8+ Be8 29. h4 Qd7 30. Qa8 Nb6 31. Qb8 b3 32. Be3 Nc4 33. Bxa7 Nxb2
34. Bd4 Qxd4 35. Qxe8+ Kg7 36. Qe7+ Kg8 37. Qxe6+ Kg7 38. Bd5 Qc5 39. Bxb3 Qc1+
40. Kg2 Qc7 41. Qg8+ Kh6 42. Qf8+ Qg7 43. Qc5 Qb7+ 44. Bd5 Qb8 45. Qe3+ g5 46.
hxg5+ fxg5 47. Qe6+ 1-0

[Event "PRO League Group Stage"]
[Site "chess.com INT"]
[Date "2020.02.05"]
[Round "5"]
[White "Saric, Ante"]
[Black "Fridman, Daniel"]
[Result "1/2-1/2"]
[WhiteTitle "GM"]
[BlackTitle "GM"]
[WhiteElo "2559"]
[BlackElo "2622"]
[WhiteTeam "Croatia Bulldogs"]
[BlackTeam "Israel Counsellors"]
[WhiteFideId "14506254"]
[BlackFideId "11600454"]
[EventDate "2020.01.06"]

1. d4 d5 2. c4 e6 3. Nc3 Be7 4. Nf3 Nf6 5. Bg5 h6 6. Bh4 O-O 7. e3 Ne4 8. Bxe7
Qxe7 9. Rc1 c6 10. Bd3 Nxc3 11. Rxc3 dxc4 12. Bxc4 Nd7 13. O-O b6 14. Bd3 c5 15.
Qc2 Bb7 16. Bh7+ Kh8 17. Be4 Bxe4 18. Qxe4 cxd4 19. Nxd4 Nc5 20. Qc2 a5 21. Nb3
Nxb3 22. Qxb3 Qb7 23. Rfc1 Rac8 24. g3 Rxc3 25. Qxc3 Rd8 26. Qc6 Qb8 27. b3 Rd2
28. Qc8+ Qxc8 29. Rxc8+ Kh7 30. Rc6 Rxa2 31. Rxb6 a4 32. bxa4 Rxa4 33. h4 1/2-1/2

[Event "PRO League Group Stage"]
[Site "chess.com INT"]
[Date "2020.02.05"]
[Round "5"]
[White "Nestorovic, Nikola"]
[Black "Postny, Evgeny"]
[Result "1-0"]
[WhiteTitle "GM"]
[BlackTitle "GM"]
[WhiteElo "2466"]
[BlackElo "2608"]
[WhiteTeam "Croatia Bulldogs"]
[BlackTeam "Israel Counsellors"]
[WhiteFideId "934526"]
[BlackFideId "2804344"]
[EventDate "2020.01.06"]

1. e4 e5 2. Nf3 Nc6 3. Bc4 Nf6 4. d3 Be7 5. O-O d6 6. a3 O-O 7. Nbd2 Kh8 8. b4
Qe8 9. Re1 Ng8 10. Nf1 f5 11. exf5 Bxf5 12. Ne3 Bg6 13. h3 Qd7 14. Rb1 Bf6 15.
b5 Nce7 16. Bb2 Nf5 17. Ng4 Rae8 18. Bd5 Qc8 19. d4 exd4 20. Rxe8 Qxe8 21. Nxd4
Nxd4 22. Bxd4 Bxc2 23. Qxc2 Bxd4 24. Bxg8 Rxg8 25. Qxc7 h5 26. Qxd6 Qd8 27. Qg6
Qd5 28. Rd1 Rf8 29. Ne3 Qe5 30. Qd3 Bxe3 31. fxe3 Re8 32. a4 a6 33. bxa6 bxa6
34. Qxa6 Qxe3+ 35. Kh1 Qb3 36. Rf1 Qd5 37. Qg6 Rc8 38. Rf5 Qd1+ 39. Kh2 Qd7 40.
Rxh5+ Kg8 41. Qh7+ Kf7 42. Qf5+ Qxf5 43. Rxf5+ Ke6 44. Rg5 Kf6 45. Rb5 Rc3 46.
a5 Ra3 47. h4 g6 48. g3 Kg7 49. Kh3 Kh6 50. Rg5 Kh7 51. Kg2 Kh6 52. Kf2 Kg7 53.
h5 Kh6 54. hxg6 Kg7 55. Ke2 Ra1 56. Kd3 Ra4 57. Kc3 Re4 58. Kb3 Re3+ 59. Kb4
Re4+ 60. Kb5 Re1 61. Kb6 Re6+ 62. Kb5 Re1 63. a6 Rb1+ 64. Kc6 Rc1+ 65. Kb7 Rb1+
66. Kc7 Rc1+ 67. Kb6 Rb1+ 68. Rb5 1-0

[Event "PRO League Group Stage"]
[Site "chess.com INT"]
[Date "2020.02.05"]
[Round "5"]
[White "Esipenko, Andrey"]
[Black "Erdos, Viktor"]
[Result "1/2-1/2"]
[WhiteTitle "GM"]
[BlackTitle "GM"]
[WhiteElo "2654"]
[BlackElo "2621"]
[WhiteTeam "Russia Wizards"]
[BlackTeam "Hungary Hunters"]
[WhiteFideId "24175439"]
[BlackFideId "719978"]
[EventDate "2020.01.06"]

1. d4 Nf6 2. c4 e6 3. Nf3 d5 4. Nc3 Nbd7 5. cxd5 exd5 6. Bg5 c6 7. e3 h6 8. Bf4
g5 9. Bg3 Nh5 10. Bd3 Nxg3 11. hxg3 Bg7 12. Qc2 Nb6 13. O-O-O Be6 14. Ne5 Qe7
15. Na4 O-O-O 16. Nc5 Kb8 17. f4 Bc8 18. Rhe1 Bxe5 19. dxe5 f6 20. exf6 Qxf6 21.
Qc3 Rhf8 22. Qb4 d4 23. e4 gxf4 24. e5 Qg7 25. e6 Nd5 26. Qa3 Rfe8 27. gxf4 Nxf4
28. e7 Nxd3+ 29. Rxd3 Rd5 30. Rd2 Qg5 31. Nd3 c5 32. Qb3 b6 33. a4 Ba6 34. Nf4
Re5 35. Rxe5 Qxe5 36. Ng6 Qf6 37. Qg3+ Kc8 38. Rf2 Qg5+ 39. Qxg5 hxg5 40. Rf8
Kd7 41. Kd2 1/2-1/2

[Event "PRO League Group Stage"]
[Site "chess.com INT"]
[Date "2020.02.05"]
[Round "5"]
[White "Navara, David"]
[Black "Chadaev, Nikolai"]
[Result "1-0"]
[WhiteTitle "GM"]
[BlackTitle "GM"]
[WhiteElo "2717"]
[BlackElo "2591"]
[WhiteTeam "Hungary Hunters"]
[BlackTeam "Russia Wizards"]
[WhiteFideId "309095"]
[BlackFideId "4167392"]
[EventDate "2020.01.06"]

1. e4 e5 2. Nf3 Nc6 3. Bb5 a6 4. Ba4 Nf6 5. O-O Be7 6. Re1 b5 7. Bb3 O-O 8. a4
b4 9. d3 d6 10. Nbd2 Be6 11. Nc4 h6 12. a5 Rb8 13. h3 Re8 14. Be3 Bf8 15. d4
exd4 16. Nxd4 Bd7 17. Qf3 Rxe4 18. Nxc6 Bxc6 19. Nd2 Rc4 20. Qg3 Ne4 21. Qf4 g5
22. Qg4 Bd7 23. Qf3 Nxd2 24. Bxd2 Bc6 25. Qf5 Rb5 26. Qd3 Rcc5 27. Qg6+ Kh8 28.
Qxf7 Bg7 29. Re7 Qf8 30. Qxf8+ Bxf8 31. Rxc7 Be4 32. Rxc5 dxc5 33. Bc4 Rb8 34.
Bxa6 Bxc2 35. Bc4 Ra8 36. a6 Ra7 37. Ra5 b3 38. Be3 Bg7 39. Bxc5 Ra8 40. Bd5 Rd8
41. a7 Bxb2 42. a8=Q 1-0

[Event "PRO League Group Stage"]
[Site "chess.com INT"]
[Date "2020.02.05"]
[Round "5"]
[White "Banusz, Tamas"]
[Black "Demidov, Mikhail"]
[Result "1/2-1/2"]
[WhiteTitle "GM"]
[BlackTitle "IM"]
[WhiteElo "2620"]
[BlackElo "2552"]
[WhiteTeam "Hungary Hunters"]
[BlackTeam "Russia Wizards"]
[WhiteFideId "722413"]
[BlackFideId "4197143"]
[EventDate "2020.01.06"]

1. d4 e6 2. Nf3 Nf6 3. g3 b5 4. Bg2 Bb7 5. O-O Be7 6. Bg5 O-O 7. Qd3 a6 8. Bxf6
Bxf6 9. Ng5 Bxg5 10. Bxb7 Ra7 11. Bg2 d5 12. c3 Nd7 13. a4 Rb7 14. axb5 axb5 15.
b4 c6 16. e4 Qb6 17. f4 Be7 18. Nd2 Ra7 19. Rxa7 Qxa7 20. Nb3 Qc7 21. f5 exf5
22. exd5 cxd5 23. Bxd5 g6 24. Qxb5 Nf6 25. Bc6 Rc8 26. d5 Ne4 27. Qd3 Bf6 28.
Nd4 Qb6 29. Rd1 h5 30. Kg2 Qa7 31. Re1 Qa3 32. Nb5 Qb2+ 33. Qe2 Qb3 34. Qd1 Qa2+
35. Re2 Qc4 36. Rxe4 Qxe4+ 37. Qf3 Qc2+ 38. Qf2 Qe4+ 39. Qf3 Qc2+ 40. Qf2 Qe4+ 1/2-1/2

[Event "PRO League Group Stage"]
[Site "chess.com INT"]
[Date "2020.02.05"]
[Round "5"]
[White "Dastan, Muhammed Batuhan"]
[Black "Chigaev, Maksim"]
[Result "1/2-1/2"]
[WhiteTitle "GM"]
[BlackTitle "GM"]
[WhiteElo "2572"]
[BlackElo "2616"]
[WhiteTeam "Turkey Knights"]
[BlackTeam "Armenia Eagles"]
[WhiteFideId "6300014"]
[BlackFideId "4108116"]
[EventDate "2020.01.06"]

1. d4 Nf6 2. c4 g6 3. Nc3 d5 4. Nf3 Bg7 5. Qb3 dxc4 6. Qxc4 Be6 7. Qb5+ Bd7 8.
Qxb7 Nc6 9. Qb3 Rb8 10. Qd1 Bf5 11. a3 O-O 12. e3 e5 13. Be2 exd4 14. exd4 Ne4
15. O-O Nxd4 16. Nxd4 Qxd4 17. Qxd4 Bxd4 18. Nb5 Bb6 19. Bf4 Rbc8 20. Bf3 a6 21.
Bxe4 Bxe4 22. Nc3 Bc6 1/2-1/2

[Event "PRO League Group Stage"]
[Site "chess.com INT"]
[Date "2020.02.05"]
[Round "5"]
[White "Solak, Dragan"]
[Black "Andriasian, Zaven"]
[Result "0-1"]
[WhiteTitle "GM"]
[BlackTitle "GM"]
[WhiteElo "2594"]
[BlackElo "2611"]
[WhiteTeam "Turkey Knights"]
[BlackTeam "Armenia Eagles"]
[WhiteFideId "916811"]
[BlackFideId "13302000"]
[EventDate "2020.01.06"]

1. e4 e5 2. Nf3 Nc6 3. Bb5 d6 4. d4 Bd7 5. Nc3 Nge7 6. Be3 g6 7. Qd2 Bg7 8. dxe5
Nxe5 9. Bxd7+ Qxd7 10. Nxe5 Bxe5 11. O-O-O O-O-O 12. f4 Bxc3 13. Qxc3 Qe6 14.
Bxa7 Rhe8 15. Rhe1 Qxa2 16. Bd4 f5 17. b3 fxe4 18. Rxe4 Nc6 19. Rde1 Rxe4 20.
Rxe4 d5 21. Re1 Qa3+ 22. Kb1 Qa5 23. Qxa5 Nxa5 24. g4 Nc6 25. Bf6 Rf8 26. g5 Kd7
27. Re3 h5 28. f5 gxf5 29. Rh3 Ke6 30. Rxh5 f4 31. Kc1 Kf5 32. Kd2 Re8 33. Rh3
Kg4 34. Rh7 f3 35. Rf7 Kh3 36. g6 f2 37. Bh4 Kxh4 38. Rxf2 Rg8 39. Rf7 Rxg6 40.
Rh7+ Kg4 41. Rxc7 b6 42. c4 d4 43. Kd3 Re6 44. b4 Re3+ 45. Kd2 Nxb4 46. Rb7 Rd3+
47. Ke2 Re3+ 48. Kd2 Re6 49. Rd7 Nc6 0-1

[Event "PRO League Group Stage"]
[Site "chess.com INT"]
[Date "2020.02.05"]
[Round "5"]
[White "Martirosyan, Haik M."]
[Black "Gokerkan, Cem Kaan"]
[Result "1-0"]
[WhiteTitle "GM"]
[BlackTitle "IM"]
[WhiteElo "2613"]
[BlackElo "2458"]
[WhiteTeam "Armenia Eagles"]
[BlackTeam "Turkey Knights"]
[WhiteFideId "13306553"]
[BlackFideId "6336760"]
[EventDate "2020.01.06"]

1. d4 Nf6 2. Nf3 e6 3. c4 b6 4. Nc3 Bb4 5. Bg5 Bb7 6. e3 h6 7. Bh4 g5 8. Bg3 Ne4
9. Nd2 Nxg3 10. hxg3 e5 11. Qb3 Ba5 12. O-O-O Qe7 13. Bd3 Na6 14. Be4 c6 15. g4
O-O-O 16. Bf5 Kb8 17. a3 d5 18. cxd5 cxd5 19. Kb1 f6 20. Rc1 Nc7 21. Qa4 exd4
22. exd4 Bxc3 23. Rxc3 Bc8 24. Rhc1 Bxf5+ 25. gxf5 Rc8 26. Ka2 Rhd8 27. Nf1 Qd7
28. Qxd7 Rxd7 29. Ne3 h5 30. Rh1 Rh8 31. Ng4 Rd6 32. Rch3 Nb5 33. Rd3 Re8 34.
Rxh5 Re4 35. f3 Rxd4 36. Re3 Rc4 37. Rh6 d4 38. Re8+ Kb7 39. Rxf6 Rxf6 40. Nxf6
d3 41. Ne4 Rxe4 42. fxe4 Kc7 43. Rh8 Nd6 44. f6 d2 45. Rh1 1-0

[Event "PRO League Group Stage"]
[Site "chess.com INT"]
[Date "2020.02.05"]
[Round "5"]
[White "Sargsyan, Shant"]
[Black "Sanal, Vahap"]
[Result "1-0"]
[WhiteTitle "GM"]
[BlackTitle "GM"]
[WhiteElo "2601"]
[BlackElo "2569"]
[WhiteTeam "Armenia Eagles"]
[BlackTeam "Turkey Knights"]
[WhiteFideId "13306766"]
[BlackFideId "6300545"]
[EventDate "2020.01.06"]

1. Nf3 c5 2. c4 d6 3. d4 cxd4 4. Nxd4 Nc6 5. Nc3 Nf6 6. e4 Nxd4 7. Qxd4 g6 8.
Be2 Bg7 9. Bg5 O-O 10. Qd2 a5 11. O-O a4 12. Rab1 Qa5 13. b4 axb3 14. axb3 Be6
15. Rfc1 Rfc8 16. f3 Nh5 17. Kh1 Bf6 18. Be3 g5 19. g3 h6 20. f4 Bxc3 21. Rxc3
Nf6 22. Bf3 Qa2 23. Rb2 Qa1+ 24. Rc1 Qa5 25. e5 dxe5 26. fxg5 hxg5 27. Bxb7 Rcb8
28. Bxa8 Qxa8+ 29. Kg1 Ne4 30. Qc2 Kg7 31. b4 Rh8 32. Ra2 Qb7 33. Ra7 Qxb4 34.
Qxe4 Qb2 35. Qc2 Qb8 36. Rxe7 1-0

[Event "PRO League Group Stage"]
[Site "chess.com INT"]
[Date "2020.02.05"]
[Round "5"]
[White "Nestorovic, Nikola"]
[Black "Movsesian, Sergei"]
[Result "0-1"]
[WhiteTitle "GM"]
[BlackTitle "GM"]
[WhiteElo "2466"]
[BlackElo "2641"]
[WhiteTeam "Croatia Bulldogs"]
[BlackTeam "Israel Counsellors"]
[WhiteFideId "934526"]
[BlackFideId "310204"]
[EventDate "2020.01.06"]

1. e4 Nf6 2. e5 Nd5 3. d4 d6 4. Nf3 dxe5 5. Nxe5 c6 6. Bc4 Bf5 7. Qf3 e6 8. g4
Bg6 9. h4 Nd7 10. Nxg6 hxg6 11. h5 gxh5 12. gxh5 N7f6 13. c3 Qb6 14. Bb3 O-O-O
15. Nd2 c5 16. Nc4 Qc7 17. Bg5 Kb8 18. dxc5 Bxc5 19. O-O-O Be7 20. Qg3 Ne4 21.
Qxc7+ Kxc7 22. Bxe7 Nxe7 23. Rxd8 Rxd8 24. Rg1 g6 25. Ne5 gxh5 26. Nxf7 Rf8 27.
Rg7 Nf5 28. Rh7 Nf6 29. Rh8 Rxh8 30. Nxh8 h4 31. Bd1 h3 32. Bf3 Nh4 33. Bh1 Ng4
34. Nf7 Nxf2 35. Ng5 h2 36. Nxe6+ Kd6 37. Bxb7 Kxe6 38. Kd2 Ke5 39. Ke3 Ng4+ 40.
Ke2 Kf4 41. c4 Kg3 42. Bh1 Nf2 43. c5 Nxh1 44. c6 Nf2 0-1

[Event "PRO League Group Stage"]
[Site "chess.com INT"]
[Date "2020.02.05"]
[Round "5"]
[White "Saric, Ante"]
[Black "Rodshtein, Maxim"]
[Result "0-1"]
[WhiteTitle "GM"]
[BlackTitle "GM"]
[WhiteElo "2559"]
[BlackElo "2628"]
[WhiteTeam "Croatia Bulldogs"]
[BlackTeam "Israel Counsellors"]
[WhiteFideId "14506254"]
[BlackFideId "2806851"]
[EventDate "2020.01.06"]

1. d4 Nf6 2. c4 g6 3. Nc3 d5 4. cxd5 Nxd5 5. g3 Bg7 6. Bg2 Nxc3 7. bxc3 c5 8.
Nf3 O-O 9. O-O Nc6 10. Rb1 Na5 11. Ne5 Bf5 12. Rb5 Bxe5 13. dxe5 Qxd1 14. Rxd1
Rad8 15. Re1 b6 16. Bh6 Rfe8 17. e4 Be6 18. Rb2 Rd7 19. Bf1 Red8 20. Bg5 Kf8 21.
Bh6+ Kg8 22. Bg5 Bc4 23. Bh3 Rd1 24. Rb1 Rxb1 25. Rxb1 Bxa2 26. Ra1 Be6 27. Bxe6
fxe6 28. Bxe7 Rd7 29. Bg5 Nc4 30. Bf4 a5 31. Kf1 b5 32. Ke2 a4 33. Be3 Rc7 34.
f4 a3 35. Bf2 b4 36. Bxc5 Rxc5 37. cxb4 Rb5 38. Kd3 Rxb4 39. Kc3 Ra4 40. Kb3 Nb6
41. Rxa3 Rxa3+ 42. Kxa3 Nc4+ 43. Kb4 Nd2 44. Kc3 Nxe4+ 45. Kd4 Nf2 46. Kc3 Ng4
47. h3 Nf2 48. Kd2 Nxh3 49. Ke3 h5 50. Kf3 g5 51. g4 Nxf4 52. gxh5 Kg7 0-1

[Event "PRO League Group Stage"]
[Site "chess.com INT"]
[Date "2020.02.05"]
[Round "5"]
[White "Fridman, Daniel"]
[Black "Tica, Sven"]
[Result "1-0"]
[WhiteTitle "GM"]
[BlackTitle "IM"]
[WhiteElo "2622"]
[BlackElo "2398"]
[WhiteTeam "Israel Counsellors"]
[BlackTeam "Croatia Bulldogs"]
[WhiteFideId "11600454"]
[BlackFideId "14526948"]
[EventDate "2020.01.06"]

1. d4 d5 2. Nf3 e6 3. c4 a6 4. Nbd2 Nf6 5. g3 c5 6. cxd5 Nxd5 7. Bg2 Nc6 8. dxc5
Bxc5 9. O-O O-O 10. a3 Be7 11. Ne4 e5 12. Qb3 Na5 13. Qd3 f5 14. Nc3 Nxc3 15.
Qxc3 e4 16. Nd4 Bf6 17. Rd1 Bd7 18. Bd2 Ba4 19. Qxa5 Bxd1 20. Nxf5 Bxe2 21. Bxe4
Bd3 22. Qd5+ Qxd5 23. Bxd5+ Kh8 24. Nd6 Bxb2 25. Ra2 Bd4 26. Bf4 Bg6 27. Nxb7
Bf7 28. Bxf7 Rxf7 29. Nd6 Rff8 30. Rc2 h6 31. h4 Ra7 32. Rc6 Bf6 33. a4 a5 34.
Nb5 Raa8 35. Kg2 Rfc8 36. Re6 Rc4 37. Nc7 Rf8 38. Nd5 Rxa4 39. Bd6 Rf7 40. h5
Ra2 41. Nf4 Bd4 42. Ng6+ Kh7 43. Re8 Rfxf2+ 44. Kh3 Rh2+ 45. Kg4 Rxh5 46. Nf8+
Kg8 47. Kxh5 Kf7 48. Ra8 a4 49. Ra6 Rh2+ 50. Kg4 h5+ 51. Kf5 Rf2+ 52. Ke4 Bf6
53. Ra7+ Kg8 54. Rxa4 h4 55. gxh4 Bxh4 56. Ra8 Kf7 57. Ra7+ Kg8 58. Ng6 Bf6 59.
Bf4 Rf1 60. Ra8+ Kf7 61. Kf5 Be7 62. Nh8# 1-0

[Event "PRO League Group Stage"]
[Site "chess.com INT"]
[Date "2020.02.05"]
[Round "5"]
[White "Postny, Evgeny"]
[Black "Plenca, Jadranko"]
[Result "1-0"]
[WhiteTitle "GM"]
[BlackTitle "IM"]
[WhiteElo "2608"]
[BlackElo "2463"]
[WhiteTeam "Israel Counsellors"]
[BlackTeam "Croatia Bulldogs"]
[WhiteFideId "2804344"]
[BlackFideId "14527146"]
[EventDate "2020.01.06"]

1. d4 Nf6 2. c4 c6 3. Nf3 d5 4. Nbd2 g6 5. e3 Bg7 6. b4 a5 7. b5 c5 8. Bb2 cxd4
9. Bxd4 O-O 10. cxd5 Nxd5 11. Bxg7 Kxg7 12. Bc4 Nb6 13. O-O Bg4 14. Qb3 N8d7 15.
Rac1 Rc8 16. Be2 e5 17. Ne4 Be6 18. Qa3 Bd5 19. Nd6 Rxc1 20. Rxc1 f5 21. Qxa5
Qf6 22. Qb4 g5 23. e4 g4 24. Nxf5+ Kh8 25. Nd2 h5 26. a4 Be6 27. Bd3 Bxf5 28.
exf5 Nd5 29. Qe4 Nf4 30. Bf1 Qd6 31. Nc4 Qc5 32. Qxb7 Qd4 33. Ne3 h4 1-0

[Event "PRO League Group Stage"]
[Site "chess.com INT"]
[Date "2020.02.05"]
[Round "5"]
[White "Banusz, Tamas"]
[Black "Esipenko, Andrey"]
[Result "1-0"]
[WhiteTitle "GM"]
[BlackTitle "GM"]
[WhiteElo "2620"]
[BlackElo "2654"]
[WhiteTeam "Hungary Hunters"]
[BlackTeam "Russia Wizards"]
[WhiteFideId "722413"]
[BlackFideId "24175439"]
[EventDate "2020.01.06"]

1. d4 Nf6 2. c4 e6 3. Nc3 Bb4 4. e3 O-O 5. Bd2 d5 6. Nf3 b6 7. cxd5 exd5 8. Rc1
Bb7 9. Bd3 a6 10. O-O Bd6 11. Ne5 c5 12. f4 Nc6 13. Ng4 Nxg4 14. Qxg4 Ne7 15. f5
f6 16. Rf3 Qe8 17. Rh3 Qf7 18. Be1 Rac8 19. Qh4 h6 20. Bg3 Rfd8 21. Bxd6 Rxd6
22. Qg3 Rcc6 23. Rxh6 Bc8 24. Rf1 Kf8 25. Rh8+ Ng8 26. Ne2 Rd8 27. Nf4 Qc7 28.
Qh4 Qf7 29. Ng6+ Ke8 30. e4 dxe4 31. Rxg8+ Kd7 32. Rxd8+ Kxd8 33. Ne5 Qd5 1-0

[Event "PRO League Group Stage"]
[Site "chess.com INT"]
[Date "2020.02.05"]
[Round "5"]
[White "Navara, David"]
[Black "Ponkratov, Pavel"]
[Result "1/2-1/2"]
[WhiteTitle "GM"]
[BlackTitle "GM"]
[WhiteElo "2717"]
[BlackElo "2622"]
[WhiteTeam "Hungary Hunters"]
[BlackTeam "Russia Wizards"]
[WhiteFideId "309095"]
[BlackFideId "4157800"]
[EventDate "2020.01.06"]

1. e4 e5 2. Nf3 Nf6 3. Nxe5 Nxe4 4. Qe2 Qe7 5. Qxe4 d6 6. d4 dxe5 7. dxe5 Nc6 8.
Nc3 Qxe5 9. Qxe5+ Nxe5 10. Nb5 Bb4+ 11. Bd2 Bxd2+ 12. Kxd2 Kd8 13. Re1 Nc6 14.
g3 a6 15. Nc3 Nd4 16. Bg2 c6 17. Kc1 Ne6 18. f4 Re8 19. Na4 Rb8 20. f5 Nf8 21.
g4 Nd7 22. b4 Ne5 23. Re4 f6 24. Nb6 Kc7 25. Nc4 g6 26. Rf1 gxf5 27. gxf5 Bd7
28. Nxe5 Rxe5 29. Rxe5 fxe5 30. Kd2 Rf8 31. f6 Be6 32. a4 Kd6 33. Be4 h6 34. Kd3
Bh3 35. Rf2 Ke6 36. b5 axb5 37. axb5 cxb5 38. Bxb7 Bf5+ 39. Kc3 Kxf6 40. Kb4 Ke6
41. Be4 Rf6 42. Bxf5+ Rxf5 43. Re2 Kd5 44. Kxb5 Kd4 45. Rd2+ Kc3 46. Rd5 Kxc2
47. Kc5 Rg5 48. h4 Rh5 49. Kd6 Rxh4 50. Kxe5 Kc3 51. Rd8 Rh1 52. Kf4 h5 53. Kg3
h4+ 54. Kg4 h3 55. Kg3 h2 56. Kg2 Rc1 1/2-1/2

[Event "PRO League Group Stage"]
[Site "chess.com INT"]
[Date "2020.02.05"]
[Round "5"]
[White "Chadaev, Nikolai"]
[Black "Markus, Robert"]
[Result "1-0"]
[WhiteTitle "GM"]
[BlackTitle "GM"]
[WhiteElo "2591"]
[BlackElo "2599"]
[WhiteTeam "Russia Wizards"]
[BlackTeam "Hungary Hunters"]
[WhiteFideId "4167392"]
[BlackFideId "921637"]
[EventDate "2020.01.06"]

1. d4 Nf6 2. Bf4 d6 3. Nf3 Nbd7 4. Nc3 c5 5. d5 b5 6. Nxb5 Qa5+ 7. Nc3 Rb8 8.
Bd2 Rxb2 9. e4 g6 10. Bd3 Bg7 11. Rb1 Rxb1 12. Qxb1 O-O 13. h3 Qc7 14. Nb5 Qb6
15. c4 e6 16. O-O exd5 17. exd5 a6 18. Nc3 Qc7 19. Re1 Re8 20. Bf4 Bf8 21. Rxe8
Nxe8 22. Qe1 Nef6 23. Ne4 Nxe4 24. Qxe4 Nf6 25. Qe2 Qd8 26. g4 h5 27. g5 Ne8 28.
h4 Ng7 29. Nd2 Bf5 30. Ne4 Bxe4 31. Bxe4 Ne8 32. Kg2 Bg7 33. Bg3 Bd4 34. Qc2 Ng7
35. Qa4 Nf5 36. Bxf5 gxf5 37. Qxa6 Qe8 38. Qxd6 Qe4+ 39. Kh2 Qc2 40. Qf4 Qxc4
41. Qxf5 1-0